Pháp luật dân sự và thực tiễn xét xử

Na minha lista:
Detalhes bibliográficos
Autor principal: Tưởng, Duy Lượng
Formato: Livro
Idioma:Undetermined
Publicado em: Hà Nội Chính trị Quốc gia 2013
Assuntos:
Tags: Adicionar Tag
Sem tags, seja o primeiro a adicionar uma tag!
Thư viện lưu trữ: Trung tâm Học liệu Trường Đại học Cần Thơ
LEADER 00601nam a2200193Ia 4500
001 CTU_181266
008 210402s9999 xx 000 0 und d
020 |c 67000 
082 |a 347.597012 
082 |b L561 
100 |a Tưởng, Duy Lượng 
245 0 |a Pháp luật dân sự và thực tiễn xét xử 
245 0 |c Tưởng Duy Lượng 
260 |a Hà Nội 
260 |b Chính trị Quốc gia 
260 |c 2013 
650 |a Civil procedure,Tố tụng dân sự 
650 |z Vietnam 
980 |a Trung tâm Học liệu Trường Đại học Cần Thơ